000 01801nam a2200469 4500
999 _c23221
_d23221
001 vtls011789089
005 20220427112914.0
008 181106s2018 xo oa g 001 0 slo
020 _a9788085501704
_q(viazané)
040 _aSVKBB
_bslo
_cSVKBB
_erda
041 0 _aslo
044 _axo
_cSK
072 7 _a94(437.6)
_xDejiny Slovenskej republiky
_2konspekt
080 _a94"04/14"
_22011
080 _a94"1492/1789"
_22011
080 _a94(430/439)
_22011
080 _a94(437.6)
_22011
080 _a(048.8)
_22011
100 1 _aDvořák, Pavel,
_d1937-2018
_4aut
_92979
245 1 0 _aStopy dávnej minulosti
_bdejiny Slovenska v príbehoch a desiatich zväzkoch
_n9
_pPosledný Turek. Stavovské povstanie a koniec osmanských vojen
_cPavel Dvořák ; photography Pavel Dvořík mladší, Jakub Dvořák
246 3 0 _aPosledný Turek
246 3 0 _aStavovské povstanie a koniec osmanských vojen
250 _aVydanie prvé
260 _aBudmerice
_bRak
_c2018
300 _a263 strán
_bfotografie (niektoré farebné), ilustrácie
_c26 cm
490 1 _aStopy dávnej minulosti
648 7 _a14.-16. storočie
_2SNKPH
_92980
648 7 _a14th-16th ceturies
_2SNKPHeng
_92981
650 0 7 _aturecké vojny
_2SNKPH
_92982
650 0 7 _astredovek
_2SNKPH
_92983
650 0 7 _araný novovek
_2SNKPH
_92984
650 0 7 _aMiddle ages
_2SNKPHeng
_92985
651 7 _aUhorsko
_xdejiny
_2SNKPHgeo
_92986
651 7 _aSlovensko
_xdejiny
_2SNKPHgeo
_91981
651 7 _aHungary
_xhistory
_2SNKPHeng
_92987
651 7 _aSlovakia
_xhistory
_2SNKPHeng
_92322
655 7 _amonografie
_2SNKPH
_91661
655 7 _aMonographs
_2SNKPHeng
_91662
700 1 _aDvořák, Pavel,
_cml.
_4pht
_92988
700 1 _aDvořák, Jakub,
_d1970-2017
_4pht
_92989